ბათუმის შოთა რუსთაველის სახელმწიფო უნივერსიტეტის ბიბლიოთეკა

Alternative narratives in early childhood : (ბიბ.ჩანაწერი № 58404)

000 -LEADER
fixed length control field 00650cam a22001938i 4500
001 - CONTROL NUMBER
control field 20436163
005 - DATE AND TIME OF LATEST TRANSACTION
control field 20221107165755.0
008 - FIXED-LENGTH DATA ELEMENTS--GENERAL INFORMATION
fixed length control field 180409s2019 enk b 000 0 eng
020 ## - INTERNATIONAL STANDARD BOOK NUMBER
International Standard Book Number 9781138291553 X
041 ## - LANGUAGE CODE
Language code of text/sound track or separate title eng
080 ## - UNIVERSAL DECIMAL CLASSIFICATION NUMBER
Universal Decimal Classification number 372 M-88
100 1# - MAIN ENTRY--PERSONAL NAME
Personal name Moss, Peter
Dates associated with a name
9 (RLIN) 13404
245 10 - TITLE STATEMENT
Title Alternative narratives in early childhood :
Remainder of title an introduction for students and practitioners /
Statement of responsibility, etc. Peter Moss.
264 #1 - PRODUCTION, PUBLICATION, DISTRIBUTION, MANUFACTURE, AND COPYRIGHT NOTICE
Place of production, publication, distribution, manufacture London :
Name of producer, publisher, distributor, manufacturer Routledge,
Date of production, publication, distribution, manufacture, or copyright notice 2019.
300 ## - PHYSICAL DESCRIPTION
Extent 191pages ;
Other physical details 24 cm.
653 ## - INDEX TERM--UNCONTROLLED
keyword სკოლამდელი ბავშვების განათლება
653 ## - INDEX TERM--UNCONTROLLED
keyword პედაგოგიკა
942 ## - ADDED ENTRY ELEMENTS (KOHA)
Source of classification or shelving scheme
Koha item type წიგნი
ეგზემპლარები
Withdrawn status Lost status Source of classification or shelving scheme Damaged status Not for loan Permanent Location Current Location Shelving location Date acquired Cost, normal purchase price Full call number Barcode Date last seen Copy number Price effective from Koha item type Public note
          ბათუმის შოთა რუსთაველის სახელმწიფო უნივერსიტეტის მთავარი ბიბლიოთეკა ბათუმის შოთა რუსთაველის სახელმწიფო უნივერსიტეტის მთავარი ბიბლიოთეკა წიგნსაცავი 2022-01-20 77.00 372 M-88 62128 2022-01-20 62128 2022-01-20 წიგნი 77 ლ.